[Event "USCL Week 10"]
[Site "Internet Chess Club"]
[Date "2015.10.28"]
[Round "?"]
[White "Bhat, Vinay"]
[Black "Kovalyov, Anton"]
[Result "1/2-1/2"]
[WhiteElo "2570"]
[BlackElo "2702"]
[PlyCount "165"]
[EventDate "2015.??.??"]

1. d4 Nf6 2. c4 e6 3. Nf3 b6 4. a3 Ba6 5. Qc2 Bb7 6. Nc3 c5 7. dxc5 Bxc5 8. Bf4
Nc6 9. Rd1 O-O 10. e3 Rc8 11. Be2 Be7 12. O-O Na5 13. Nd2 Ba6 14. Qa4 d5 15.
Nb5 dxc4 16. Nxc4 Nd5 17. Bg3 f5 18. Rfe1 Bxb5 19. Qxb5 Nb7 20. Bf3 Nc5 21. Ne5
Bf6 22. Qe2 Re8 23. Rd4 Nb3 24. Rdd1 Nc5 25. Rd4 Qc7 26. Ng4 fxg4 27. Bxc7 gxf3
28. Qxf3 Nxc7 29. Rd2 e5 30. Red1 e4 31. Qg4 Nd3 32. b4 Nd5 33. Rxd3 exd3 34.
Rxd3 Rc1+ 35. Rd1 Rxd1+ 36. Qxd1 Rd8 37. Qg4 Kf8 38. g3 Nc3 39. Qc4 Ke7 40. Kg2
Rd2 41. Qc7+ Rd7 42. Qb8 Nb5 43. a4 Nd6 44. a5 b5 45. Qg8 h6 46. Qd5 Rc7 47. e4
Bc3 48. e5 Nc4 49. Qxb5 Bxe5 50. Qd5 Bf6 51. h4 Nd6 52. b5 Rb7 53. b6 Rd7 54.
Qc5 axb6 55. Qxb6 Nc8 56. Qc5+ Kd8 57. f4 Bd4 58. Qc4 Ne7 59. h5 Ba7 60. Kf3
Rd5 61. a6 Rd7 62. g4 Nd5 63. g5 Ke7 64. gxh6 gxh6 65. Qc6 Rd6 66. Qb7+ Rd7 67.
Qc6 Nf6 68. Qb5 Bd4 69. Qf5 Rd5 70. Qc2 Rd6 71. Qe2+ Kd8 72. Qb5 Bb6 73. Qf5
Kc7 74. Qg6 Nd7 75. Qe4 Rc6 76. Qa4 Nc5 77. Qa1 Ba7 78. Qg7+ Nd7 79. Qa1 Kb6
80. Qg7 Kc7 81. Qa1 Rc5 82. Qh8 Rc6 83. Qa1 1/2-1/2

[Event "USCL Week 10"]
[Site "Internet Chess Club"]
[Date "2015.10.28"]
[Round "?"]
[White "Feng, Roland"]
[Black "Banawa, Joel"]
[Result "1-0"]
[WhiteElo "2365"]
[BlackElo "2496"]
[PlyCount "119"]
[EventDate "2015.??.??"]

1. d4 Nf6 2. c4 e6 3. Nf3 Bb4+ 4. Nbd2 d5 5. Qa4+ Nc6 6. a3 Bxd2+ 7. Bxd2 Ne4
8. Bf4 O-O 9. e3 Ne7 10. Qc2 c6 11. Bd3 f5 12. h3 Ng6 13. Bh2 Ng5 14. Ne5 Nxe5
15. Bxe5 Nf7 16. Bh2 Qf6 17. O-O a6 18. Rad1 h5 19. Qe2 g6 20. Bb1 Bd7 21. f3
Rad8 22. e4 Rfe8 23. e5 Qg7 24. c5 Qh6 25. h4 g5 26. hxg5 Nxg5 27. Qd2 Kf7 28.
Bf4 Rg8 29. Kf2 h4 30. Rh1 Rg6 31. Ke3 Rh8 32. Qb4 Bc8 33. Qa5 Qf8 34. Qc7+ Kg8
35. Rh2 Rg7 36. Qa5 Nf7 37. Rdh1 Qe7 38. Qe1 Rhh7 39. Bd3 Nh8 40. Kf2 Ng6 41.
Qe3 Rh5 42. Kf1 Bd7 43. Qd2 Qd8 44. Be3 Nh8 45. Qe1 Ng6 46. Qd2 Nh8 47. Bf2 Ng6
48. g4 fxg4 49. fxg4 Rh8 50. Bxg6 Rxg6 51. Bxh4 Qf8+ 52. Bf6 Rxh2 53. Rxh2
Rxf6+ 54. exf6 Qxf6+ 55. Rf2 Qg7 56. Qf4 Be8 57. Qf6 Qxf6 58. Rxf6 Bf7 59. g5
Kg7 60. Kf2 1-0

[Event "USCL Week 10"]
[Site "Internet Chess Club"]
[Date "2015.10.28"]
[Round "?"]
[White "Troff, Kayden"]
[Black "Kiewra, Keaton"]
[Result "0-1"]
[WhiteElo "2619"]
[BlackElo "2518"]
[PlyCount "96"]
[EventDate "2015.??.??"]

1. d4 d5 2. c4 e6 3. Nf3 Nf6 4. Nc3 Be7 5. Bf4 O-O 6. a3 b6 7. Qc2 Bb7 8. e3 c5
9. dxc5 bxc5 10. Rd1 Nbd7 11. Be2 Qc8 12. O-O Rd8 13. Nb5 Ne8 14. cxd5 exd5 15.
Rc1 a6 16. Nc3 Qc6 17. Rfd1 Nef6 18. Qb1 a5 19. Qa2 h6 20. Bb5 Qe6 21. Qb3 c4
22. Qc2 Nc5 23. Nd4 Qc8 24. b3 Nd3 25. Ra1 Nxf4 26. exf4 cxb3 27. Qxb3 Rb8 28.
Rac1 Qg4 29. g3 Bc5 30. Qa4 Bb6 31. Nce2 Qh3 32. Nf3 d4 33. Bc6 d3 34. Bxb7 Ng4
35. Bc8 Rbxc8 36. Rxc8 Bxf2+ 37. Kh1 Rxc8 38. Qd7 Rb8 39. Neg1 Qh5 40. Rxd3
Bxg3 41. Rd5 g5 42. fxg5 Bxh2 43. g6 Qxg6 44. Rd2 Bg3 45. Kg2 Bf4 46. Kf1 Rb1+
47. Ne1 Ne3+ 48. Ke2 Rxe1+ 0-1

[Event "USCL Week 10"]
[Site "Internet Chess Club"]
[Date "2015.10.28"]
[Round "?"]
[White "Barcenilla, Rogelio"]
[Black "Margvelashvili, Giorgi"]
[Result "1/2-1/2"]
[WhiteElo "2587"]
[BlackElo "2607"]
[PlyCount "106"]
[EventDate "2015.??.??"]

1. e4 c5 2. c4 Nc6 3. Nc3 g6 4. g3 Bg7 5. Bg2 d6 6. d3 Nf6 7. Nge2 O-O 8. O-O
Rb8 9. h3 a6 10. a4 Ne8 11. Be3 Nc7 12. d4 cxd4 13. Nxd4 Ne6 14. Nde2 Nc5 15.
Rb1 a5 16. b3 b6 17. Qd2 Bb7 18. Bh6 Bxh6 19. Qxh6 e6 20. Rfd1 Qe7 21. Qd2 Rfd8
22. f4 Nb4 23. Qe3 Rd7 24. Rb2 Re8 25. g4 Qd8 26. g5 Qa8 27. Ng3 Red8 28. Nce2
d5 29. cxd5 exd5 30. Rbd2 dxe4 31. Rxd7 Rxd7 32. Rxd7 Nxd7 33. Bxe4 Bxe4 34.
Nxe4 Qd5 35. Nd4 Nc6 36. Nb5 Kf8 37. Kf2 Ne7 38. Nbc3 Qe6 39. Qd4 Qxh3 40. Nf6
Nf5 41. Nxd7+ Ke7 42. Qf6+ Kxd7 43. Qxf7+ Kd8 44. Nd5 Qg3+ 45. Kf1 Qf3+ 46. Ke1
Qg3+ 47. Kd2 Qf2+ 48. Kd1 Qf1+ 49. Kc2 Qf2+ 50. Kb1 Qe1+ 51. Kc2 Qf2+ 52. Kb1
Qe1+ 53. Kc2 Qf2+ 1/2-1/2

[Event "USCL Week 10"]
[Site "Internet Chess Club"]
[Date "2015.10.28"]
[Round "?"]
[White "Liu, Elliott"]
[Black "Morshedi, Ali"]
[Result "1-0"]
[WhiteElo "2329"]
[BlackElo "2328"]
[PlyCount "89"]
[EventDate "2015.??.??"]

1. e4 e5 2. Nf3 Nc6 3. Bb5 a6 4. Ba4 b5 5. Bb3 Na5 6. O-O d6 7. d4 Nxb3 8. axb3
f6 9. Nc3 Bg4 10. h3 Bh5 11. Qd3 c6 12. Rd1 Qc8 13. Ne2 Ne7 14. Ng3 Bf7 15.
dxe5 dxe5 16. Be3 Be6 17. b4 h5 18. Qc3 h4 19. Ne2 Ng6 20. Nc1 Kf7 21. Nd3 Be7
22. Bc5 Bxc5 23. Nxc5 Nf4 24. Nxe5+ fxe5 25. Qxe5 Ng6 26. Qg5 Rh6 27. f4 Nf8
28. f5 Bc4 29. b3 Be2 30. Rd2 Bh5 31. f6 Bg6 32. Rf1 Rh5 33. fxg7+ Kxg7 34.
Qf6+ Kh6 35. Rd6 Qe8 36. Ne6 Nxe6 37. Rxe6 Qg8 38. Qf4+ Rg5 39. Qxh4+ Rh5 40.
Qf4+ Rg5 41. Re5 Qd8 42. Qh4+ Rh5 43. Rxh5+ Bxh5 44. Rf6+ Kg7 45. Qg5+ 1-0

[Event "USCL Week 10"]
[Site "Internet Chess Club"]
[Date "2015.10.28"]
[Round "?"]
[White "Watson, John"]
[Black "Hernandez, Alberto"]
[Result "1-0"]
[WhiteElo "2340"]
[BlackElo "2321"]
[PlyCount "139"]
[EventDate "2015.??.??"]

1. d4 c5 2. d5 Nf6 3. Nc3 a6 4. e4 d6 5. a4 g6 6. Nf3 Bg4 7. Be2 Bxf3 8. Bxf3
Nbd7 9. O-O Bg7 10. Bf4 O-O 11. Qd2 Rb8 12. a5 b5 13. axb6 Rxb6 14. Ra2 Qb8 15.
Rb1 Ne8 16. Nd1 Nc7 17. c3 Qb7 18. Ne3 Rb8 19. Nc4 Rb3 20. Re1 Ne5 21. Bxe5
Bxe5 22. Bd1 Bg7 23. Re2 Rb5 24. Ba4 Na8 25. Bxb5 Qxb5 26. Na5 Nb6 27. b3 c4
28. b4 Na4 29. Ra3 Nxc3 30. Rxc3 Bxc3 31. Qxc3 Qxb4 32. Qxb4 Rxb4 33. g3 e6 34.
Rc2 exd5 35. exd5 Rb5 36. Nxc4 Rxd5 37. Ra2 Kf8 38. Rxa6 Ke7 39. Kf1 Ke6 40.
Ke2 h5 41. Ra3 Rb5 42. Rd3 d5 43. Nd2 Ra5 44. Nf3 f6 45. Ke3 g5 46. Nd4+ Kd6
47. Rb3 Ra6 48. h3 Ke5 49. Nf3+ Ke6 50. Rd3 Ra4 51. Rb3 Ra6 52. h4 g4 53. Nd4+
Ke5 54. Ne2 Ra2 55. Rd3 Rb2 56. Nf4 Rb5 57. Nxh5 Rb4 58. Nf4 d4+ 59. Ke2 Ke4
60. Rd2 f5 61. Ra2 Rb3 62. Rd2 Rb6 63. h5 Rc6 64. Ra2 Rb6 65. Kf1 Rc6 66. Kg2
Ke5 67. Rd2 Rd6 68. Ne2 d3 69. Nf4 Ke4 70. Rxd3 1-0

[Event "USCL Wildcard Round"]
[Site "Internet Chess Club"]
[Date "2015.11.04"]
[Round "?"]
[White "Espinosa, Keith"]
[Black "Kim, Yoon-Young"]
[Result "0-1"]
[WhiteElo "1847"]
[BlackElo "2240"]
[PlyCount "64"]
[EventDate "2015.??.??"]

1. Nf3 d5 2. g3 Nf6 3. Bg2 c6 4. O-O Bf5 5. d3 e6 6. Nh4 Bg4 7. h3 Bh5 8. g4
Nfd7 9. gxh5 Qxh4 10. e4 Nf6 11. exd5 Nxd5 12. Qg4 Qd8 13. Bd2 Nd7 14. Bc3 N7f6
15. Bxf6 Nxf6 16. Qe2 Qa5 17. Bf3 Bd6 18. Nc3 Qg5+ 19. Bg4 Qf4 20. f3 g6 21.
Ne4 gxh5 22. Nxf6+ Qxf6 23. Bxh5 Qg5+ 24. Bg4 h5 25. Qg2 hxg4 26. fxg4 Qe3+ 27.
Qf2 Bh2+ 28. Kh1 Qxh3 29. Qxf7+ Kd8 30. Qf6+ Kc8 31. Rf3 Bg3+ 32. Kg1 Qh1# 0-1

[Event "USCL Wildcard Round"]
[Site "Internet Chess Club"]
[Date "2015.11.04"]
[Round "?"]
[White "Klein, Ethan"]
[Black "Wang, Steve"]
[Result "1-0"]
[WhiteElo "2053"]
[BlackElo "2233"]
[PlyCount "101"]
[EventDate "2015.??.??"]

1. d4 d5 2. c4 c6 3. Nc3 dxc4 4. e4 b5 5. a4 b4 6. Na2 Nf6 7. e5 Nd5 8. Bxc4 e6
9. Nf3 Be7 10. Qc2 Bb7 11. Bd2 a5 12. O-O O-O 13. Nc1 Qb6 14. Nb3 Nd7 15. Bg5
Qd8 16. Bxe7 Qxe7 17. Bd3 h6 18. Rfe1 Rfc8 19. Rac1 c5 20. dxc5 N5b6 21. Nfd4
Bd5 22. Be4 Bxe4 23. Rxe4 Nxa4 24. c6 Nf8 25. Nb5 Nb6 26. Nd6 Rc7 27. Nd4 Nd5
28. N4b5 Ng6 29. Nxc7 Qxc7 30. Nb5 Qe7 31. c7 Rc8 32. g3 Qg5 33. Rce1 Qf5 34.
Nd6 Rxc7 35. Qxc7 Nxc7 36. Nxf5 exf5 37. Rc4 Ne6 38. f4 Ne7 39. Ra1 b3 40. Rxa5
g5 41. fxg5 hxg5 42. Rb5 Ng6 43. Kf2 f4 44. Kf3 Kg7 45. Ke4 g4 46. gxf4 Nexf4
47. Kf5 Nd3 48. Rxg4 Nxb2 49. Rxb3 Nd1 50. Rg2 Kf8 51. Rd2 1-0

[Event "USCL Wildcard Round"]
[Site "Internet Chess Club"]
[Date "2015.11.04"]
[Round "?"]
[White "Balleisen, Aaron"]
[Black "Balakrishnan, Praveen"]
[Result "1-0"]
[WhiteElo "2282"]
[BlackElo "2422"]
[PlyCount "87"]
[EventDate "2015.??.??"]

1. d4 Nf6 2. c4 g6 3. Nc3 Bg7 4. e4 d6 5. f3 O-O 6. Nge2 c5 7. d5 e6 8. Ng3
exd5 9. cxd5 a6 10. a4 h5 11. Bg5 Nbd7 12. Be2 Qc7 13. Nf1 Rb8 14. Nd2 Ne5 15.
O-O Bd7 16. h3 b5 17. f4 Nh7 18. Bh4 Nc4 19. Bxc4 bxc4 20. Nxc4 Rfe8 21. Qd3 f5
22. e5 dxe5 23. fxe5 g5 24. Bg3 f4 25. e6 fxg3 26. Rf7 Rf8 27. Raf1 Rxf7 28.
Rxf7 Nf8 29. d6 Qc6 30. Rxg7+ Kxg7 31. Ne5 Qb6 32. Qxg3 c4+ 33. Kh2 Bxe6 34.
Qxg5+ Kh8 35. Qf6+ Kg8 36. Qg5+ Kh8 37. Qh6+ Nh7 38. Ng6+ Kg8 39. Ne7+ Kh8 40.
Qxe6 Qf2 41. Ncd5 Qxb2 42. d7 Rd8 43. Qf7 Nf8 44. Qg8# 1-0

[Event "USCL Wildcard Round"]
[Site "Internet Chess Club"]
[Date "2015.11.04"]
[Round "?"]
[White "Rohde, Michael"]
[Black "Izoria, Zviad"]
[Result "0-1"]
[WhiteElo "2531"]
[BlackElo "2638"]
[PlyCount "62"]
[EventDate "2015.??.??"]

1. d4 Nf6 2. c4 g6 3. Nc3 Bg7 4. e4 d6 5. Nf3 O-O 6. Be2 e5 7. d5 a5 8. Bg5 h6
9. Be3 Ng4 10. Bd2 f5 11. h3 Nf6 12. exf5 gxf5 13. Qc1 Kh7 14. g4 Na6 15. gxf5
Ng8 16. h4 Bxf5 17. Ng5+ Kh8 18. Nce4 hxg5 19. hxg5+ Nh6 20. Ng3 Bg6 21. Bh5
Qe8 22. gxh6 Bf6 23. Bg5 Nc5 24. Bxf6+ Rxf6 25. Qg5 Qf7 26. O-O-O Rg8 27. Qe3
Bxh5 28. Nxh5 Rf3 29. h7 Rg2 30. Qe1 Rfxf2 31. Qc3 Qf5 0-1

[Event "USCL Wildcard Round"]
[Site "Internet Chess Club"]
[Date "2015.11.04"]
[Round "?"]
[White "Benjamin, Joel"]
[Black "Schroer, Jonathan"]
[Result "1-0"]
[WhiteElo "2629"]
[BlackElo "2427"]
[PlyCount "100"]
[EventDate "2015.??.??"]

1. e4 e5 2. Nf3 Nc6 3. Bb5 a6 4. Ba4 Nf6 5. O-O Nxe4 6. d4 b5 7. Bb3 d5 8. dxe5
Be6 9. Qe2 Be7 10. Rd1 O-O 11. c4 bxc4 12. Bxc4 Bc5 13. Be3 Bxe3 14. Qxe3 Qb8
15. Bb3 Qa7 16. Nbd2 Qxe3 17. fxe3 Rab8 18. Rac1 Rb6 19. Nd4 Nxd4 20. exd4 Bg4
21. Bxd5 Bxd1 22. Bxe4 Bh5 23. Nc4 Rbb8 24. Bc6 Be2 25. b3 Rb4 26. d5 Bxc4 27.
bxc4 Rb2 28. c5 Re2 29. d6 Rxe5 30. Bb7 cxd6 31. c6 g6 32. c7 Kg7 33. c8=Q Rxc8
34. Rxc8 Rb5 35. Bxa6 Rb1+ 36. Bf1 Ra1 37. Ra8 d5 38. Kf2 d4 39. Bc4 Rc1 40.
Bb3 f5 41. Rd8 Rb1 42. Rxd4 Rb2+ 43. Kf3 g5 44. h4 h6 45. Rd7+ Kf6 46. Rd6+ Ke5
47. Re6+ Kd4 48. Rxh6 g4+ 49. Kg3 Ke3 50. Re6+ Kd2 1-0

[Event "USCL Wildcard Round"]
[Site "Internet Chess Club"]
[Date "2015.11.04"]
[Round "?"]
[White "Kacheishvili, Giorgi"]
[Black "Edelman, Danny"]
[Result "1-0"]
[WhiteElo "2672"]
[BlackElo "2460"]
[PlyCount "127"]
[EventDate "2015.??.??"]

1. d4 Nf6 2. c4 g6 3. Nc3 Bg7 4. e4 d6 5. Nf3 O-O 6. Be2 e5 7. O-O Nc6 8. d5
Ne7 9. Ne1 Nd7 10. Be3 f5 11. f3 f4 12. Bf2 g5 13. Rc1 Ng6 14. Nd3 Nf6 15. c5
Rf7 16. Kh1 Bf8 17. Rg1 h5 18. g3 g4 19. gxf4 exf4 20. cxd6 cxd6 21. Bd4 Bh6
22. e5 dxe5 23. Nxe5 Nxe5 24. Bxe5 Qe7 25. Bxf6 Qxf6 26. fxg4 f3 27. g5 Qf4 28.
gxh6+ Bg4 29. Bxf3 Qxf3+ 30. Qxf3 Rxf3 31. Ne4 Kh7 32. Rxg4 hxg4 33. Ng5+ Kxh6
34. Nxf3 gxf3 35. Kg1 Kg5 36. d6 Kf4 37. d7 Rd8 38. Rd1 Ke3 39. Kf1 f2 40. Rd6
b5 41. b4 Kf3 42. Rf6+ Ke3 43. Re6+ Kf3 44. Re7 Kf4 45. h4 Kg4 46. Rh7 Rf8 47.
h5 Kg5 48. h6 Rd8 49. Kxf2 Kg6 50. Re7 Kxh6 51. Ke3 Kg6 52. Kd4 Kf6 53. Rh7 Kg6
54. Kc5 Kxh7 55. Kc6 Kg7 56. Kc7 Ra8 57. d8=Q Rxd8 58. Kxd8 Kf6 59. Kc7 Ke5 60.
Kb7 Kd4 61. Kxa7 Kc3 62. a3 Kb3 63. Kb6 Ka4 64. Kc5 1-0

[Event "USCL Wildcard Round"]
[Site "Internet Chess Club"]
[Date "2015.11.04"]
[Round "?"]
[White "Korley, Kassa"]
[Black "Stripunsky, Alex"]
[Result "1-0"]
[WhiteElo "2485"]
[BlackElo "2661"]
[PlyCount "101"]
[EventDate "2015.??.??"]

1. d4 d5 2. Nf3 c6 3. c4 Nf6 4. Nc3 e6 5. e3 Nbd7 6. Be2 Bd6 7. Qc2 O-O 8. O-O
dxc4 9. a4 a6 10. Nd2 Qc7 11. g3 c5 12. Nxc4 b6 13. Nxd6 Qxd6 14. dxc5 bxc5 15.
e4 Bb7 16. Rd1 Qc6 17. f3 Rfd8 18. Be3 h6 19. a5 Rac8 20. Na4 c4 21. Nb6 Nxb6
22. Rxd8+ Rxd8 23. axb6 Rc8 24. Ra4 Qb5 25. Rxc4 Rxc4 26. Bxc4 Qa5 27. Bf1 Ne8
28. Qd1 Bc6 29. Qd8 Qa4 30. Qc8 Kh7 31. Qxa6 Qb3 32. Qe2 e5 33. Qd2 Bb7 34. Kf2
Qe6 35. Qc2 Nd6 36. Bc5 Qf6 37. Bd3 g5 38. Ke2 Ne8 39. Be3 Qe6 40. Bc4 Qc8 41.
Bb3 Qh3 42. Bxf7 Qg2+ 43. Bf2 g4 44. Qd3 Nd6 45. Bd5 gxf3+ 46. Ke3 Bxd5 47.
Qxd5 Qf1 48. Kxf3 Qh1+ 49. Ke2 Nf5 50. b7 Nd4+ 51. Bxd4 1-0

[Event "USCL Wildcard Round"]
[Site "Internet Chess Club"]
[Date "2015.11.04"]
[Round "?"]
[White "Chandran, Kapil"]
[Black "Rozman, Levy"]
[Result "1-0"]
[WhiteElo "2420"]
[BlackElo "2378"]
[PlyCount "115"]
[EventDate "2015.??.??"]

1. d4 f5 2. g3 Nf6 3. Bg2 g6 4. c3 Bg7 5. Qb3 d5 6. Nd2 Nc6 7. Ndf3 e6 8. Nh3
Ne4 9. Nf4 Qe7 10. h4 O-O 11. h5 g5 12. h6 Bf6 13. Nh5 Bh8 14. Nd2 Nd6 15. Qc2
b6 16. Nf3 Ne4 17. Be3 e5 18. dxe5 Nxe5 19. Nxe5 Bxe5 20. f4 Bh8 21. Bxe4 fxe4
22. fxg5 Bf5 23. O-O-O Rad8 24. Nf4 c6 25. g4 Bxg4 26. Rdg1 Bf5 27. g6 Be5 28.
gxh7+ Kh8 29. Rh5 Qf7 30. Qd2 c5 31. Rgg5 d4 32. Rxf5 dxc3 33. Rxf7 cxd2+ 34.
Bxd2 Rxf7 35. Ng6+ Kxh7 36. Nxe5 Rf2 37. Rg5 Rg8 38. Rxg8 Kxg8 39. Kd1 b5 40.
Nd7 Rf5 41. Ke1 b4 42. b3 a5 43. Be3 c4 44. bxc4 a4 45. Nc5 b3 46. axb3 a3 47.
Nxe4 a2 48. Bd4 Kh7 49. Kd2 Rf4 50. Nf6+ Kh8 51. Bc3 Rd4+ 52. Ke3 a1=Q 53. Bxa1
Rd3+ 54. Kf4 Rf3+ 55. Ke5 Rf5+ 56. Ke6 Re5+ 57. Kf7 Re7+ 58. Kg6 1-0

[Event "USCL Wildcard Round"]
[Site "Internet Chess Club"]
[Date "2015.11.04"]
[Round "?"]
[White "Golub, David"]
[Black "Banik, Siddharth"]
[Result "1-0"]
[WhiteElo "2321"]
[BlackElo "2258"]
[PlyCount "73"]
[EventDate "2015.??.??"]

1. Nf3 Nf6 2. c4 e6 3. Nc3 Bb4 4. g4 d6 5. g5 Nfd7 6. Qc2 Nc6 7. a3 Bxc3 8.
Qxc3 e5 9. b4 O-O 10. Rg1 f5 11. d4 Nb6 12. dxe5 dxe5 13. b5 Nd4 14. a4 a6 15.
Nxe5 axb5 16. e3 Ne6 17. cxb5 Nxg5 18. Rxg5 Qxg5 19. Qb3+ Kh8 20. Nf7+ Rxf7 21.
Qxf7 Bd7 22. a5 Qg6 23. Qxg6 hxg6 24. Bb2 Nc8 25. a6 b6 26. Be5 Ra7 27. Rc1 Nd6
28. Bxd6 cxd6 29. Rd1 Rc7 30. Rxd6 Rc1+ 31. Rd1 Rc7 32. Be2 Kg8 33. Rd6 Kf7 34.
Rxb6 Rc1+ 35. Kd2 Ra1 36. Bc4+ Ke7 37. Rxg6 1-0

[Event "USCL Wildcard Round"]
[Site "Internet Chess Club"]
[Date "2015.11.04"]
[Round "?"]
[White "Lebovitz, Andrew"]
[Black "Moskow, Eric"]
[Result "0-1"]
[WhiteElo "2157"]
[BlackElo "2100"]
[PlyCount "78"]
[EventDate "2015.??.??"]

1. c4 c5 2. g3 Nc6 3. Nc3 g6 4. Bg2 Bg7 5. Nf3 b6 6. O-O Bb7 7. e3 Nf6 8. d4
O-O 9. d5 Na5 10. Qd3 Ba6 11. Nd2 e6 12. e4 exd5 13. exd5 d6 14. b3 Bc8 15. f3
Bf5 16. Nde4 Bxe4 17. fxe4 Ng4 18. Bh3 Ne5 19. Qc2 a6 20. Be3 h6 21. Rf4 b5 22.
cxb5 axb5 23. Nxb5 Nd3 24. Rff1 Nb4 25. Qe2 Nxb3 26. axb3 Rxa1 27. Rxa1 Bxa1
28. Bxh6 Re8 29. Bg2 Be5 30. Qf3 Qa5 31. Bf1 Nc2 32. Qg4 Nd4 33. Qd7 Qd8 34.
Qb7 Nxb5 35. Bxb5 Bd4+ 36. Kg2 Rxe4 37. h4 Qf6 38. Bg5 Qf2+ 39. Kh3 Be5 0-1

[Event "USCL Wildcard Round"]
[Site "Internet Chess Club"]
[Date "2015.11.04"]
[Round "?"]
[White "Lee, Michael"]
[Black "Naroditsky, Daniel"]
[Result "0-1"]
[WhiteElo "2503"]
[BlackElo "2711"]
[PlyCount "64"]
[EventDate "2015.??.??"]

1. c4 e5 2. Nc3 Nc6 3. Nf3 Nf6 4. g3 Nd4 5. Bg2 Nxf3+ 6. Bxf3 Bb4 7. Qb3 Bc5 8.
d3 h6 9. g4 c6 10. g5 hxg5 11. Bxg5 Be7 12. Rg1 Rxh2 13. O-O-O d6 14. Be3 Kf8
15. Rh1 Rxh1 16. Rxh1 Ng8 17. Rh8 Bg5 18. Bxg5 Qxg5+ 19. Kc2 Qe7 20. Ne4 g6 21.
Qb4 Kg7 22. Rh1 d5 23. Nd6 a5 24. Qa3 Be6 25. c5 b6 26. cxb6 Rd8 27. b7 Qc7 28.
Kb1 Rxd6 29. Qb3 Rd8 30. Rc1 Rb8 31. Rc5 Rxb7 32. Qc3 Ne7 0-1

[Event "USCL Wildcard Round"]
[Site "Internet Chess Club"]
[Date "2015.11.04"]
[Round "?"]
[White "Bhat, Vinay"]
[Black "Feng, Roland"]
[Result "1-0"]
[WhiteElo "2570"]
[BlackElo "2365"]
[PlyCount "91"]
[EventDate "2015.??.??"]

1. d4 Nf6 2. c4 e6 3. Nf3 Bb4+ 4. Nbd2 b6 5. a3 Bxd2+ 6. Qxd2 Bb7 7. e3 O-O 8.
Be2 d6 9. O-O Nbd7 10. b4 Ne4 11. Qc2 f5 12. Bb2 Qe7 13. d5 e5 14. Ne1 g6 15.
Nd3 b5 16. f3 bxc4 17. Nxe5 c3 18. Nxd7 cxb2 19. Qxb2 Qxd7 20. fxe4 fxe4 21.
Qd4 Qg7 22. Qc4 h5 23. Rac1 Rxf1+ 24. Rxf1 Rf8 25. Qxe4 Rxf1+ 26. Bxf1 Qf7 27.
Bc4 Bc8 28. Qd4 a6 29. h3 Kh7 30. a4 Qe8 31. a5 Kh6 32. Bd3 Kh7 33. Kf2 Qf7+
34. Ke2 Bb7 35. e4 Qe7 36. Kf1 Qf7+ 37. Ke2 Qe7 38. Kd1 c6 39. Qa7 Qg7 40. dxc6
Qa1+ 41. Kd2 Qb2+ 42. Bc2 Qxb4+ 43. Kd1 Kh6 44. cxb7 Qxa5 45. b8=Q Qa1+ 46. Ke2
1-0

[Event "USCL Wildcard Round"]
[Site "Internet Chess Club"]
[Date "2015.11.04"]
[Round "?"]
[White "Liu, Elliott"]
[Black "Adamson, Robby"]
[Result "1-0"]
[WhiteElo "2329"]
[BlackElo "2360"]
[PlyCount "69"]
[EventDate "2015.??.??"]

1. e4 c6 2. d4 d5 3. e5 Bf5 4. h4 h5 5. c4 e6 6. Nc3 Ne7 7. Nge2 dxc4 8. Ng3
Bg6 9. Bg5 Qa5 10. Bxc4 Nd7 11. O-O Rd8 12. Qe2 Nb6 13. Nge4 Qb4 14. Nd6+ Rxd6
15. exd6 Qxc4 16. dxe7 Bxe7 17. Qe5 Nd7 18. Qc7 f6 19. Bf4 Qb4 20. Rfe1 Bf5 21.
Qc8+ Bd8 22. Bc7 Ke7 23. d5 e5 24. d6+ Kf7 25. Bxd8 Kg6 26. Qc7 Qxh4 27. Be7
Nc5 28. Rxe5 Nd3 29. Rxf5 Kxf5 30. Rf1 Ne5 31. d7 Qg4 32. f4 Nf7 33. Qc8 Kg6
34. Qxh8 Nxh8 35. d8=Q 1-0

[Event "USCL Wildcard Round"]
[Site "Internet Chess Club"]
[Date "2015.11.04"]
[Round "?"]
[White "Byambaa, Uyanga"]
[Black "Tiglon, Bryce"]
[Result "1-0"]
[WhiteElo "2204"]
[BlackElo "2305"]
[PlyCount "151"]
[EventDate "2015.??.??"]

1. e4 e5 2. Nf3 Nc6 3. Bc4 Nf6 4. Ng5 d5 5. exd5 Na5 6. Bb5+ Bd7 7. Qe2 Be7 8.
Nc3 O-O 9. O-O Bg4 10. f3 Bh5 11. Qxe5 a6 12. Bd3 Nd7 13. Qg3 Bxg5 14. b4 Bh4
15. Qh3 Ne5 16. bxa5 Nxd3 17. cxd3 Bg6 18. f4 f5 19. Rb1 Rb8 20. Ba3 Re8 21.
Qf3 Bf6 22. d6 Bd4+ 23. Kh1 c6 24. Nd5 Qxa5 25. d7 Red8 26. Ne7+ Kf7 27. Bd6
Rxd7 28. Nxc6 bxc6 29. Bxb8 Qxa2 30. Qxc6 Qd5 31. Qxd5+ Rxd5 32. Rfc1 h6 33.
Rc6 Bf6 34. Rxa6 Rxd3 35. Rd6 Ra3 36. d4 Rd3 37. Ba7 Bh5 38. h3 Rd2 39. Kg1 Be2
40. Rd7+ Kg6 41. Rdb7 Bc4 42. R7b2 Rd3 43. Rc1 Bd5 44. Rbc2 Be4 45. Re2 Be7 46.
Bc5 Bh4 47. Bd6 Rxd4 48. Be5 Rd3 49. Rc7 Bg3 50. Rc1 Kh5 51. Rf1 g5 52. Rb2 Bd5
53. Bb8 g4 54. hxg4+ Kxg4 55. Be5 Be4 56. Rb6 Kh5 57. Bg7 Bh4 58. Rxh6+ Kg4 59.
Bf6 Bg3 60. Rg6+ Kh5 61. Rg5+ Kh6 62. Bg7+ Kh7 63. Be5 Kh6 64. Ra1 Bb7 65. Rb1
Bc6 66. Rxf5 Kg6 67. Rf6+ Kh5 68. Rxc6 Kg4 69. Rg6+ Kf5 70. Rg5+ Ke4 71. Bb8
Bh4 72. Re5+ Kd4 73. Ba7+ Kc3 74. Re3 Kc2 75. Rxd3 Bf2+ 76. Kxf2 1-0

[Event "USCL Wildcard Round"]
[Site "Internet Chess Club"]
[Date "2015.11.04"]
[Round "?"]
[White "Troff, Kayden"]
[Black "Barcenilla, Rogelio"]
[Result "1-0"]
[WhiteElo "2619"]
[BlackElo "2587"]
[PlyCount "75"]
[EventDate "2015.??.??"]

1. d4 g6 2. c4 Bg7 3. Nf3 c5 4. d5 d6 5. g3 Nf6 6. Nc3 O-O 7. Bg2 e5 8. dxe6
fxe6 9. O-O Nc6 10. Bf4 Ne8 11. Qd2 Nd4 12. Rad1 Qb6 13. Nh4 Rf7 14. Ne4 Bf8
15. Rfe1 e5 16. Ng5 Re7 17. Bd5+ Kg7 18. Be3 Nf6 19. Ne4 Nxe4 20. Bh6+ Kh8 21.
Bxe4 Be6 22. Bxg6 Bxc4 23. Bg5 Rd7 24. Bh5 Bg7 25. b3 Be6 26. e3 Nc6 27. Qe2
Qb4 28. f4 exf4 29. gxf4 h6 30. Bg4 Re8 31. f5 hxg5 32. Ng6+ Kg8 33. fxe6 Rc7
34. e7 Rcxe7 35. Nxe7+ Rxe7 36. Rxd6 Bd4 37. Be6+ Kg7 38. exd4 1-0

[Event "USCL Wildcard Round"]
[Site "Internet Chess Club"]
[Date "2015.11.04"]
[Round "?"]
[White "Banawa, Joel"]
[Black "Aldama, Dionisio"]
[Result "0-1"]
[WhiteElo "2496"]
[BlackElo "2547"]
[PlyCount "92"]
[EventDate "2015.??.??"]

1. d4 Nf6 2. c4 e6 3. Nf3 d5 4. Nc3 c6 5. e3 Nbd7 6. Qc2 a6 7. Bd3 dxc4 8. Bxc4
b5 9. Be2 c5 10. O-O Bb7 11. a3 Rc8 12. Qd1 Be7 13. dxc5 Nxc5 14. Nd4 O-O 15.
f3 Qb6 16. Qe1 Rfd8 17. Qf2 Bf8 18. b4 Nb3 19. Nxb3 Rxc3 20. Na5 Ba8 21. Rd1
Rc2 22. Rxd8 Qxd8 23. Qe1 Bd6 24. Nb3 Be5 25. Rb1 Nd5 26. Bd3 Ra2 27. Nc5 Qg5
28. Bf1 Qh5 29. h3 Qg6 30. e4 Bc3 31. Qd1 e5 32. Be3 Bd4 33. Bxd4 Nf4 34. Bb2
h5 35. Kh2 Bc6 36. Qb3 Bd5 37. Qc2 h4 38. Nd3 Qg3+ 39. Kh1 Be6 40. Nxf4 exf4
41. Qc3 Kh7 42. Rd1 f6 43. e5 Qf2 44. Qd3+ Kh6 45. Bd4 Qg3 46. Qe4 Bxh3 0-1

[Event "USCL Quarterfinals"]
[Site "Internet Chess Club"]
[Date "2015.11.10"]
[Round "?"]
[White "Stripunsky, Alex"]
[Black "Paragua, Mark"]
[Result "1/2-1/2"]
[WhiteElo "2661"]
[BlackElo "2638"]
[PlyCount "85"]
[EventDate "2015.??.??"]

1. d4 Nf6 2. c4 g6 3. Nc3 d5 4. Bg5 Ne4 5. Bh4 Nxc3 6. bxc3 Bg7 7. e3 c5 8.
cxd5 Qxd5 9. Qb3 Be6 10. Qxd5 Bxd5 11. Ne2 Nd7 12. f3 e6 13. Nc1 cxd4 14. cxd4
Rc8 15. Bd3 O-O 16. Ne2 Nb6 17. a4 Bc4 18. Kd2 e5 19. a5 Bxd3 20. Kxd3 Nc4 21.
Rhc1 Nb2+ 22. Kd2 exd4 23. Nxd4 Rc4 24. Rxc4 Nxc4+ 25. Kd3 Rc8 26. Ra2 f5 27.
Bg3 Nxe3 28. Kxe3 Rc3+ 29. Kd2 Bxd4 30. Bf2 Be5 31. Bxa7 Rc6 32. Bg1 Kf7 33. h3
Ke6 34. Bb6 h5 35. Ke2 g5 36. Be3 g4 37. hxg4 hxg4 38. fxg4 fxg4 39. Ra4 Rc2+
40. Kf1 Kf5 41. Rb4 Ra2 42. Rxb7 Rxa5 43. Rb1 1/2-1/2